00711nam a2200169 i 4500001000700000003000900007005001700016008004100033040002000074100003700094245011200131260005700243300002100300650003400321650004200355852014400397160917ES-MaACL20250716063318.0041005s1884 sp |||| | spa d aCAM bspa cCAM1 aOlazábal, Lucas de,d1829-189910aSobre la desamortización de los montes públicos proyectada por el Señor Camacho / c[L. de Olazabal]. aMadrid : b[s.n.], c1884 (fImp. de Moreno y Rojas) a31 p. ; c22 cm. 4aMontes públicos-zEspaña. 4aDesamortización-zEspaña-yS.XIX.4 aES-MaACLjT-433-F-3 z- Enc. hol., falto de cub. original z- Enc. en un vol. facticio z- An. ms.: "Para el Ateneo de Madrid, R.A.S."